Eliminación por categoría - Canciones de Taylor Swift - Estadísticas

Estadísticas generales
  • Esta prueba ha sido intentada 107 veces
  • La puntuación promedio es 14 de 20
Estadísticas de respuestas
Group
Hint
Respuesta % Correcto
Verde ... que tengan más de una palabra 200
100%
Verde Canciones de Taylor Swift 277
100%
Verde ... que pertenezcan a Fearless 19
93%
Verde Canciones de solo una palabra 77
90%
Naranja Canciones de un álbum pop (1989, Reputation, Lover, Midnights, TTPD, TLOAS) 117
87%
Naranja ... que empiecen por consonante 96
84%
Naranja Canciones de Taylor Swift 277
80%
Naranja ... que tengan 5 letras o menos 31
77%
Verde ... que sean un sencillo 5
76%
Verde ... que no sean un sencillo 49
76%
Naranja ... que sean la primera canción de su álbum 5
71%
Verde ... que hayan sido lanzadas después del 01/01/2020 31
70%
Verde ... y las dos palabras del título sean un color y un animal 1 White Horse
69%
Naranja ... que no sean de un álbum pop 16
66%
Naranja ... que sea el sencillo principal 2
61%
Naranja ... que sean de Speak Now 3
51%
Naranja ... y no sea una colaboración 1 The Fate of Ophelia
50%
Verde ... que empiecen por vocal 5
49%
Verde ... y que haga referencia a un mes 1 August
47%
Naranja ... y que no empiece por M 1 Ours
37%
No se encontraron pruebas coincidentes
Distribución de puntuación
Porcentaje de gente con cada puntuación
Porcentaje por número respondido
Historial de tus puntuaciones
No has intentado esta prueba.